|
|
|
|
| LEADER |
00000nam a2200000 4500 |
| 008 |
200624b2019 ||||| |||| 00| | spa d |
| 999 |
|
|
|c 3903
|d 3903
|
| 090 |
|
|
|a 06.03.04
|b 2585
|
| 100 |
|
|
|9 1513
|a Regueyra Edelman, María Gabriela
|
| 245 |
1 |
0 |
|a Sistematizando lo aprendido sobre la comprensión lectora de la población estudiantil de la carrera de Trabajo Social de la Universidad de Costa Rica /
|c María Gabriela Regueyra Edelman, Sol Argüello Scriba
|
| 260 |
|
|
|a [San José, Costa Rica]
|b INIE,
|c 2019
|
| 300 |
|
|
|a 65 páginas
|
| 500 |
|
|
|a Informe final proyecto de investigación No. 724-B8-093
|
| 650 |
1 |
4 |
|9 365
|a LECTURA
|
| 650 |
1 |
4 |
|9 1188
|a COMPRENSIÓN DE LECTURA
|
| 650 |
1 |
4 |
|9 1189
|a ESCRITURA
|
| 650 |
1 |
4 |
|9 481
|a ESTUDIANTES UNIVERSITARIOS
|
| 700 |
1 |
|
|9 1123
|a Argüello Scriba, Sol
|
| 942 |
|
|
|i 004633
|h 06.03.04 2585
|2 z
|c 04
|